Statistics for People by Picture - D

Click here to take the quiz!

General Stats

  • This quiz has been taken 687 times
  • The average score is 10 of 15

Answer Stats

Answer% Correct
Diana
97%
Donald Trump
97%
Daniel Radcliffe
89%
Dolly Parton
86%
David Beckham
84%
Drake
80%
Daniel Craig
77%
David Schwimmer
71%
Demi Lovato
69%
Drew Barrymore
60%
Demi Moore
55%
Dustin Hoffman
54%
Donatello
27%
David Hilbert
10%
Dmitri Mendeleev
9%

Score Distribution

Percentile by Number Answered

Percent of People with Each Score

Your Score History

You have not taken this quiz